|
|
|
|
| LEADER |
01597nam a2200313 a 4500 |
| 001 |
15654 |
| 003 |
BD-DhAAL |
| 008 |
091022s2005 bg b 000 0 eng d |
| 999 |
|
|
|c 5060
|d 5060
|
| 010 |
|
|
|a 2005310497
|
| 020 |
|
|
|a 9843221478
|
| 040 |
|
|
|a DLC
|c DLC
|d DLC
|d BD-DhAAL
|
| 082 |
|
|
|a 346.5492016
|2 23
|
| 245 |
0 |
0 |
|a Marriage, inheritance, and family laws in Bangladesh :
|b towards a common family code.
|
| 260 |
|
|
|a Dhaka :
|b Women for Women,
|c 2005.
|
| 300 |
|
|
|a x, 124 pages ;
|c 25 cm.
|
| 500 |
|
|
|a "March 2005."
|
| 500 |
|
|
|a "UNESCO."
|
| 541 |
1 |
|
|a Donated By Akbar Ali Khan
|e 15654, 40065
|
| 650 |
|
0 |
|a Marriage law
|z Bangladesh.
|9 52478
|
| 650 |
|
0 |
|a Inheritance and succession
|z Bangladesh.
|9 52479
|
| 650 |
|
0 |
|a Domestic relations
|z Bangladesh.
|9 52480
|
| 710 |
2 |
|
|a Women for Women (Organization : Bangladesh)
|9 52481
|
| 710 |
2 |
|
|a Unesco.
|9 52482
|
| 852 |
4 |
|
|a Ayesha Abed Library
|c General Stacks
|
| 942 |
|
|
|2 ddc
|c BK
|
| 952 |
|
|
|0 0
|1 4
|2 ddc
|4 0
|6 346_549520000000000_MAR
|7 0
|9 4899
|a BRACUL
|b BRACUL
|c GEN
|d 2009-11-03
|g 0.00
|l 0
|o 346.54952 MAR
|p 3010015654
|r 2009-11-03
|t 1
|w 2009-11-03
|y BK
|x No price found in the accession register.
|
| 952 |
|
|
|0 0
|1 3
|2 ddc
|4 0
|6 346_549520000000000_MAR
|7 0
|9 52362
|a BRACUL
|b BRACUL
|c GEN
|d 2015-01-28
|e Development Book Agency
|g 300.00
|l 1
|m 6
|o 346.54952 MAR
|p 3010028859
|r 2015-10-12
|s 2015-02-07
|t 2
|w 2015-01-28
|y BK
|x Lost and cost paid By Rizanul Islam (PIN-9105), TK-600.00 on 12.10.2015
|
| 952 |
|
|
|0 0
|1 0
|2 ddc
|4 0
|6 346_549201600000000_MAR
|7 1
|9 72371
|a BRACUL
|b BRACUL
|c AAKC
|d 2022-11-20
|e Donated by Akbar Ali Khan
|g 300.00
|l 0
|o 346.5492016 MAR
|p 3010040065
|r 2022-11-20
|t 3
|w 2022-11-20
|y BK
|